| 000 | 00767cab a2200241 4500 | ||
|---|---|---|---|
| 001 | WB3345-01 | ||
| 008 | 090401t1997 xxu||||| |||| 00| 0 eng d | ||
| 035 | _a(Sirsi) u82265 | ||
| 041 | _aeng | ||
| 245 | _aBrussels plans legal reform push | ||
| 260 | _c1997 | ||
| 350 | _a0 | ||
| 490 |
_aConstruction News _v(6542) 20 November 1997, 4(1) |
||
| 520 | _aThe European Commission has adopted a report "The Competitiveness of the Construction Sector", which calls for simplified legislation and reforms to the tendering process. | ||
| 650 | _aCOMPETITIVENESS | ||
| 650 | _aCONSTRUCTION INDUSTRY | ||
| 650 | _aEUROPEAN COMMISSION | ||
| 650 | _aEUROPEAN LEGISLATION | ||
| 650 | _aREFORM | ||
| 690 | _aBUILT ENVIRONMENT | ||
| 942 | _n0 | ||
| 948 | _c21/11/1997 | ||
| 999 |
_c51908 _d51908 |
||